000 00252nam a2200109Ia 4500
005 20251222154401.0
008 251222s9999||||xx |||||||||||||| ||spa||
082 _a848.9/C75
100 _a"Colette, Sidonie Gabrielle"
245 0 _aLa gata
942 _cLIB
999 _c35302
_d35302